Saneamiento ambiental e higiene en los alimentos /

Se aborda el control higiénico de los alimentos en los que se incluye la influencia de la higiene en el medio en que se producen, procesan e ingieren los mismos. Se utiliza el concepto de saneamiento ambiental como el conjunto de actividades técnicas y socioeconómicas de la salud pública encaminadas...

সম্পূর্ণ বিবরণ

সংরক্ষণ করুন:
গ্রন্থ-পঞ্জীর বিবরন
প্রধান লেখক: Acosta, Raquel Susana (autor)
বিন্যাস: গ্রন্থ
ভাষা:স্প্যানিশ
প্রকাশিত: Córdoba, Argentina : Brujas, 2008, c2008
মালা:(Salud Ambiental)
বিষয়গুলি:
ট্যাগগুলো: ট্যাগ যুক্ত করুন
কোনো ট্যাগ নেই, প্রথমজন হিসাবে ট্যাগ করুন!

MARC

LEADER 00000nam^a2200000^a^4500
001 000285223
005 20250521000000.0
009 20260310111732.974
020 |a 978-987-591-123-9 
037 |a Acervo ITESO - Biblioteca 
041 |a ESP 
082 |a 628.  |b ACO 
100 |a Acosta, Raquel Susana  |e (autor) 
245 1 0 |a Saneamiento ambiental e higiene en los alimentos /  |c R.S. Acosta. 
264 4 |a Córdoba, Argentina :  |b Brujas,  |c 2008, c2008 
300 |a 176 p. 
336 |a texto  |b txt  |2 rdacontenido 
337 |a sin mediación  |b n  |2 rdamedio 
338 |a volumen  |b nc  |2 rdasoporte 
440 1 |a (Salud Ambiental) 
520 |a Se aborda el control higiénico de los alimentos en los que se incluye la influencia de la higiene en el medio en que se producen, procesan e ingieren los mismos. Se utiliza el concepto de saneamiento ambiental como el conjunto de actividades técnicas y socioeconómicas de la salud pública encaminadas a alcanzar niveles crecientes de salubridad ambiental con la finalidad de promover y mejorar las condiciones de la vida urbana y rural. 
649 |a XX 
650 |a Alimentos y Bebidas -  |x Higiene e Inspección Sanitaria -  |x Tema Principal 
650 |a Control de Alimentos 
650 |a Nutrición 
650 |a Higiene 
650 |a Salud Ambiental -  |x Tema Principal 
650 |a Contaminación Ambiental 
650 |a Ingeniería Sanitaria 
910 |a Fondo General 
920 |a Impresos - Libros 
930 |a Colección General 
905 |a 101 
901 |a 0500171790  |b IT1  |c ACC  |u 20250521 
902 |a https://opac.biblio.iteso.mx/vufind/Record/000285223